Filosofía /
Guardado en:
| Autor Principal: | |
|---|---|
| Otros Autores: | , |
| Formato: | Libro |
| Publicado: |
Buenos Aires :
Santillana,
2005
|
| Series: | Polimodal
|
| Materias: | |
| Etiquetas: |
Agregar Etiqueta
Sin Etiquetas, Sea el primero en etiquetar este registro!
|
| LEADER | 01403nam a22002415a 4500 | ||
|---|---|---|---|
| 001 | CEM.cems017603 | ||
| 005 | 20110524100848.0 | ||
| 008 | 130507s2005##################000#0#####d | ||
| 003 | CEMS | ||
| 020 | |a 9504606946 | ||
| 082 | 0 | 4 | |a 100 |
| 100 | 1 | |a Di Sanza, Silvia del Luján | |
| 245 | 1 | 0 | |a Filosofía / |c Silvia Del Luján Di Sanza, Jorge Eduardo Fernández y Patricia La Porta |
| 260 | |a Buenos Aires : |b Santillana, |c 2005 | ||
| 300 | |a 168 p. | ||
| 490 | 0 | |a Polimodal | |
| 500 | |a Para nivel polimodal | ||
| 505 | 0 | |a La filosofía -- Qué es la filosofía? -- La filosofía y su historia -- Introducción a la antropología filosófica -- Debates contemporáneos acerca del hombre -- La dimensión histórico-cultural de la existencia del hombre -- Las dimensión corporal del hombre -- Introducción a la ética -- El contexto de la ética griega -- El contexto en la ética moderna -- Cuestiones de ética contemporánea -- Teoría del conocimiento -- La importancia del conocimiento -- Dos clásicos: Platón y Aristóteles -- El conocimiento en la modernidad -- El conocimiento y la ciencia en el siglo XX -- Metafísica -- Un poco de historia -- La metafísica moderna -- La metafísica en el siglo XX | |
| 653 | |a Filosofía | ||
| 653 | |a Filosofía-polimodal | ||
| 700 | 1 | |a Fernández, Jorge Eduardo | |
| 700 | 1 | |a La Porta, Patricia | |
| 859 | |a CEMS |b BIB. CEMS - Agricultura |h 100 |i D630 |p A0601.05 |t Ej.1 | ||
